Statistics for Business - Sources of Finance

Click here to take the quiz!

General Stats

  • This quiz has been taken 551 times
  • The average score is 3 of 13

Answer Stats

HintAnswer% Correct
An amount of money which is given to the business to buy something. The money has to be paid back in full, with interestLoan
87%
A deficit in a bank account caused by drawing more money than the account holdsOverdraft
68%
A legal agreement in which a person borrows money to buy property and pays back the money over a period of years with interestMortgage
65%
Profit kept in the business after owners have taken their share of the profitsRetained profit
24%
Where companies are allowed to purchase raw materials but pay for them at a later dateTrade credit
12%
Selling items of value that the business no longer needsSelling assets
11%
When a business uses equipment but doesn't own it until the final payment has been madeHire Purchase
10%
Support provided by a government to help a business start upGrants
7%
Long term loans of up to 25 years, normally provided to large companiesDebentures
5%
This source of finance is only available to limited companiesSelling shares
5%
When owners of a business use their personal gains to invest into the businessOwner's savings
2%
When debt agencies buy the debt of the debtors and pay a percentage of the original debt immediately to the companyFactoring debt
1%
The sale of inventories to reduce inventory levelsRunning down stock
1%

Score Distribution

Percentile by Number Answered

Percent of People with Each Score

Your Score History

You have not taken this quiz